LEADER 00730nam a2200193 i 4500 001 000000240151 003 CaOOAMICUS 005 20150325000000.0 008 150325s1767 it u000 u ita u 013 $a219056 026 $a5754 0.9. i,9. niUn (3) 1767 (R) 040 $aSeMil$bita 245 10$aTomo 2. 300 $aVIII, 284 p. 500 $aSegn. : pg4 A-R8 S6. 773 0 $aFleury, Claude <1640-1723>$tDiscorsi sopra la storia ecclesiastica, di monsignor Claudio Fleury. Tradotti dal francese. Tomo 1. [2.].$dIn Milano : Per Federico Agnelli, 1767.$g2$w()30855 850 $aSeMil 852 $aSeMil$W1$xVenegono$y1$m3E II 8 FA$j190497$B190497$CSeMilBibl$Z2$F201351 $8I 996 $6245$aTomo 2$9(OLS)http://semarc/title/49331 LEADER 00992nam a2200253 i 4500 001 000000078907 003 CaOOAMICUS 005 20201021102548.0 008 161129s1977 xx u000 u fre u 013 $a51144 020 $a2-02-004586-9 040 $aSeMil$bita 100 1 $aManaranche, André .$0(OLS)http://semarc/name/16140 245 12$aL'esprit de la loi :$bmorale fondamentale /$cAndré Manaranche. 260 $aParis :$bÉditions du Seuil,$c1977. 300 $a249 p. ;$c21 cm. 650 4$aTeologia morale.$0(OLS)http://semarc/subject/91 850 $aSeMil 852 $aSeMil$W1$xVenegono$y1$m3F VI 179$j44704$B44704$CSeMilBibl$Z2$F46503 $81 961 $aOmaggio: Gallivanone don Franco 996 $6020$a2-02-004586-9$9(OLS)http://semarc/number/60423 996 $6245$aL'esprit de la loi :$bmorale fondamentale$9(OLS)http://semarc/title/127080 996 $6260$aParis :$bÉditions du Seuil$9(OLS)http://semarc/publisher/29806